Catálogo

Vista normal Vista MARC

Entrada Personal Name

Número de registros utilizados en: 1

001 - CONTROL NUMBER

  • control field: 8444

003 - CONTROL NUMBER IDENTIFIER

  • control field: Mx-PuUPA

005 - DATE AND TIME OF LATEST TRANSACTION

  • control field: 20210527142933.0

008 - FIXED-LENGTH DATA ELEMENTS

  • fixed length control field: 181122|| aca||aabn | a|a d

040 ## - CATALOGING SOURCE

  • Original cataloging agency: DLC
  • Language of cataloging: spa
  • Transcribing agency: Mx-PuUPA
  • Modifying agency: DLC
  • Description conventions: rda

100 1# - HEADING--PERSONAL NAME

  • Personal name: Gurrola Martínez, Beatríz,

373 ## - ASSOCIATED GROUP

  • Associated group: Facultad de estudios superiores Zaragoza, UNAM

374 ## - OCCUPATION

  • Occupation: Autor
  • Occupation: Odontólogo
  • Occupation: Cirujano dentista
  • Occupation: Docente

375 ## - GENDER

  • Gender: mujer

377 ## - ASSOCIATED LANGUAGE

  • Language code: spa

400 1# - SEE FROM TRACING--PERSONAL NAME

  • Personal name: Martínez, Beatríz Gurrola

670 ## - SOURCE DATA FOUND

  • Source citation: Manual de anestesia odontológica, 2001:
  • Information found: portada (Beatríz Gurrola Martínez)